000 00364 a2200157 4500
001 60019
020 _a9783126759526
040 _cAnchieta - Pituba
100 _aThurnher, Juliane
240 1 0 _aTeam deutsch 2
_lpor
245 1 0 _aTeam deutsch 2
300 _a151
362 0 _a2012
650 4 _aLínguas germânicas (teutônicas) língua alemã
942 _cBK
999 _c60019
_d60019